Traité des ordinateurs /

Guardado en:
Autor Principal: Petitclerc, A.
Formato: Libro
Idioma:French
Publicado: Paris : Dunod, 1970.
Etiquetas: Agregar Etiqueta
Sin Etiquetas, Sea el primero en etiquetar este registro!
LEADER 00569nam a22001695 4500
001 MAT.inmabb001977
008 840814s1970####fr#a##########000#0#fre#d
005 20160608175209.0
245 1 0 |a Traité des ordinateurs /  |c A. Petitclerc. 
260 |a Paris :  |b Dunod,  |c 1970. 
300 |a 2 v. :  |b il. ;  |c 24 cm. 
505 1 |a t. 1. Algèbre logique; Arithmétique binaire; Algorithmes. 
500 |a La biblioteca sólo posee el t. 1.  |5 AR-BbIMB 
100 1 |a Petitclerc, A. 
084 |a 68Rxx (06Exx)  |2 msc2000 
010 |a  79505092  
859 |h 68  |i P489  |p A-3589  |v 1  |3 Tomo I  |b BIB. MATEMATICA